LEADER 01260nam 2200325Ia 450 001 996393516203316 005 20200824132353.0 035 $a(CKB)4940000000116090 035 $a(EEBO)2240895107 035 $a(OCoLC)ocm11631026e 035 $a(OCoLC)11631026 035 $a(EXLCZ)994940000000116090 100 $a19850129d1688 uy | 101 0 $aeng 135 $aurbn||||a|bb| 200 12$aA discourse wherein is held forth the opposition of the doctrine, worship, and practices of the Roman church to the nature, designs and characters of the Christian faith$b[electronic resource] /$fby Gilbert Burnet 210 $aLondon $cPrinted for J. Watts$d1688 215 $a[3]-71 p. ;$d20 cm 300 $aOriginally published as: The mystery of iniquity unveiled, 1673. 300 $aReproduction of original in Huntington Library. 330 $aeebo-0113 700 $aBurnet$b Gilbert$f1643-1715.$0193326 801 0$bEAA 801 1$bEAA 801 2$bm/c 801 2$bWaOLN 906 $aBOOK 912 $a996393516203316 996 $aA discourse wherein is held forth the opposition of the doctrine, worship, and practices of the Roman Church to the nature, designs, and characters of the Christian faith$92333320 997 $aUNISA